[Event "Baku Open 2018"]
[Site "Baku"]
[Date "2018.12.02"]
[Round "9"]
[White "Abbasov, Amil"]
[Black "Sanikidze, Tornike"]
[Result "1/2-1/2"]
[WhiteElo "2176"]
[BlackElo "2512"]
[Annotator "TA"]
[PlyCount "70"]
[EventDate "2018.11.24"]
[EventType "swiss"]
[EventCountry "AZE"]
[SourceTitle "playchess.com"]
[Source "ChessBase"]
[SourceQuality "1"]

{[%evp 15,70,0,25,0,58,48,54,35,20,13,18,10,43,29,43,34,42,35,55,51,78,0,0,-93,-55,-96,0,0,0,0,0,0,0,0,0,0,10,0,0,0,65,0,0,0,0,0,0,0,0,0,0,0,0,0,0,0,0]} 1. e4 g6 2. d4 Bg7 3. Nc3 d6 4. Be3 c6 5. Qd2 Nd7 6. O-O-O {[%cal Be1c1,Bc1b1,Bb1a1][%mdl 32]} b5 7. h4 h5 {B06: Modern Defence} (7... Qa5 8. h5 Ngf6 9. h6 Bf8 10. f3 e5 11. d5 cxd5 12. Nxd5 Qxd2+ 13. Rxd2 Nxd5 14. Rxd5 a6 15. Rd2 {½-½ (80) Rombaldoni,A (2494)-Solodovnichenko,Y (2555) Fano 2013}) 8. Nh3 Nb6 {LiveBook: 4 Games} 9. Ng5 Nc4 $146 (9... Nh6 $11) ({Predecessor:} 9... Nf6 10. f3 b4 11. Nb1 a5 12. Bd3 Nh7 13. Nxh7 Rxh7 14. Rhe1 Qc7 15. Qf2 {1-0 (34) Way,J (1994)-Moore,G (2182) England 2014}) 10. Bxc4 $1 $14 bxc4 11. Kb1 Rb8 12. Ka1 Qa5 13. f3 Nf6 14. e5 Nd5 15. Nxd5 Qxd5 16. exd6 exd6 17. Ne4 Bf5 {[#]} 18. Rde1 (18. Bf4 $1 $16 Bxe4 19. fxe4) 18... O-O $11 19. Bh6 (19. g4 $1 $11 {keeps the balance.} hxg4 20. Nc3) 19... Bxd4 20. Nc3 Qc5 (20... Rfc8 $17 {White must now prevent ...Qc5.} 21. Rb1 (21. Nxd5 $2 {loses.} Bxb2+ 22. Kb1 Bc3+ {[%mdl 64] Skewer, Discovered Attack} 23. Kc1 Bxd2+ 24. Kxd2 cxd5 $19) 21... Qe5) 21. Bxf8 Kxf8 22. Na4 {Hoping for c3.} Bxb2+ {[%mdl 64] Decoy} 23. Nxb2 c3 24. Qh6+ Kg8 25. Na4 Qd4 26. Qe3 ({Don't play} 26. Rb1 Ra8 $15) 26... Qxa4 27. Qxc3 Bxc2 {[#]} ({Black should play} 27... Be6 $11 28. a3 c5) 28. Re2 (28. g4 $1 $14 {[%mdl 512]}) 28... Bf5 {The position is equal.} 29. Rhe1 {White wants to mate with Re8+.} Be6 30. Rxe6 fxe6 {KQR-KQR} 31. Qf6 $1 {[%cal Rf6g6]} Kh7 {And now ...Rb7 would win.} 32. Qe7+ {[%mdl 64] Double Attack} Kh6 {[%cal Ra4d4]} 33. Qg5+ Kh7 {[%cal Ra4d4]} (33... Kg7 $5 34. Qe7+ $8 {[%mdl 64] Double Attack} Kh6 35. Qg5+ Kh7 36. Qe7+ {[%mdl 64] Double Attack} Kh6 $11) 34. Qe7+ {[%mdl 64] Double Attack} Kh6 {[%cal Ra4d4]} 35. Qg5+ Kh7 {Accuracy: White = 59%, Black = 70%.} (35... Kg7 $5 36. Qe7+ $8 {[%mdl 64] Double Attack} Kh6 $11) 1/2-1/2